000
00382nam a2200133Ia 4500
008
151001s9999||||xx |||||||||||||| ||und||
100
_a
हरी नारायण आपटे
245
_a
पण लक्षात कोण घेतो
250
_a
6
260
_b
केशव गणेश सारंगपाणी
260
_c
1956
300
_a
644
365
_b
7.5
999
_c
950452
_d
950449